000 00692nam a2200169Ia 4500
008 090711s9999 xx 000 0 und d
082 _b74357
100 _aSाौधरी स्नेहलता
245 _aबहिणाबाई Sाौधरी एक िंSाात्न
260 _bकॉन्टीनेन्टल प्रकाशन
_c1994
300 _a184
600 _aSाौधरी स्नेहलता
630 _aबहिणाबाई Sाौधरी एक िंSाात्न
700 _aSाौधरी स्नेहलता
730 _aबहिणाबाई Sाौधरी एक िंSाात्न
942 _cBOOK
999 _c313720
_d313720